| 000 | 00763nam a2200205Ii 4500 | ||
|---|---|---|---|
| 003 | JO-AjNU | ||
| 008 | 230605s9999||||xx |||||||||||||| ||und|| | ||
| 017 | _a2011/3/1092 | ||
| 040 |
_aJO-AjNU _bara _erda _cJO-AjNU |
||
| 041 | _aara | ||
| 050 | 1 | 4 | _aDS63.1 2011 |
| 100 | 3 |
_aتاليف التل، أحمد يوسف؛ تدقيق زهدي محمد عيسى عيد, _eauthor _950373 |
|
| 245 | 0 | 0 | _aظاهرة الصراع في الفكر العربي |
| 264 | 3 | 1 | _aعمان: امانة عمان الكبرى، 2011 |
| 300 | _a779ص | ||
| 336 |
_atext _btxt _2rdacontent |
||
| 337 |
_aunmediated _bn _2rdamedia |
||
| 338 |
_avolume _bnc _2rdacarrier |
||
| 650 | 4 |
_aالتاريخ العربي - الفكر العربي - الثقافة الجماهيرية _950374 |
|
| 999 |
_aA22186 _c25754 _d25754 |
||